En torno a la crisis política centroamericana (comentario al trabajo de Edelberto Torres Rivas, del mismo título)

保存先:
書誌詳細
第一著者: Jiménez Veiga, Danilo
フォーマット: テキスト
出版事項: México D.F.: Siglo XXI
タグ: タグ追加
タグなし, このレコードへの初めてのタグを付けませんか!

MARC

LEADER 00000 a a2200000 04500
001 22523
003
040 |a CRAI/IIS  |c CRAI/IIS 
090 |a 153400  
100 |a Jiménez Veiga, Danilo  
245 |a En torno a la crisis política centroamericana (comentario al trabajo de Edelberto Torres Rivas, del mismo título)  
260 |a México D.F.:   |b Siglo XXI  
300 |a pp. 77-83  
999 |c 7117  |d 7117